000 00492nam a2200217Ia 4500
003 OSt
005 20221006151303.0
006 a|||||r|||| 00| 0
007 ta
008 221006b |||||||| |||| 00| 0 eng d
020 _c
_1.00
024 _a21,583
037 _cTextual
040 _aEASL
_cEASL
_beng
041 _2eng
_aeng
245 0 _aAsia, No.7
260 _aNew York
_bAsia Society
_c1967
300 _a89p.
_ccm.
942 _cTEXL
_2CC
999 _c1089669
_d1089669